| 000 | 00687nam a22002057a 4500 | ||
|---|---|---|---|
| 003 | OSt | ||
| 005 | 20251125133021.0 | ||
| 008 | 251125b |||||||| |||| 00| 0 eng d | ||
| 020 | _a9789712354786 | ||
| 040 |
_aDWC-Main Lib. _cOC |
||
| 082 | _aFil. 128 M112p 2009 | ||
| 100 | _aMaboloc, Christopher Ryan B. | ||
| 245 |
_aPhilosophy of man : _bthe existential drama : fundamental topics and thinkers/ _cChristopher Ryan B. Maboloc |
||
| 260 |
_aManila : _bRex Book Store, _cc2009. |
||
| 300 |
_axv, 135 p. ; _c22 cm. |
||
| 500 | _aIncludes bibliographical references. | ||
| 650 | _a1. Philosophical anthropology. | ||
| 650 | _a2. Human existence. | ||
| 942 |
_2ddc _cBK - FIL _kFil. _n0 |
||
| 999 |
_c6263 _d6263 |
||